| 000 | 01672nam a2200373 i 4500 | ||
|---|---|---|---|
| 001 | 159932 | ||
| 003 | ES-MaACL | ||
| 005 | 20260318063017.0 | ||
| 007 | ta | ||
| 008 | 960529s1891 sp a||| ||||| 001 0 spa d | ||
| 040 |
_aES-MaACL _bspa _cES-MaACL _erda |
||
| 080 | _a94(44)"1870/71"(093.3) | ||
| 080 | _a94(431)"1870/71"(093.3) | ||
| 100 | 1 |
_aMoltke, Helmuth Karl Bernhard Graf von, _cConde de, _d1800-1891 _9130038 _4aut _eaut |
|
| 245 | 1 | 3 |
_aLa guerra franco-alemana de 1870-71 / _cpor el Feld-Mariscal Conde de Moltke con un apéndice sobre el supuesto consejo de guerra en las campañas del emperador Guillermo I ; traducción de D.E.S. Kirchner |
| 246 | 1 | 4 | _aHistoria de la guerra franco-alemana de 1870-71 |
| 264 | 1 |
_aBarcelona : _bMontaner y Simon, editores, _c1891 |
|
| 300 |
_aVI, 351 páginas : _bilustraciones (blanco y negro) ; _c25 cm |
||
| 336 |
_2rdacontent _aTexto |
||
| 337 |
_2rdamedia _asin mediación |
||
| 338 |
_2rdacarrier _avolumen |
||
| 500 | _aÍndice | ||
| 650 | 4 |
_9136210 _aGuerra franco-prusiana, 1870-1871 |
|
| 700 | 1 |
_aKirchner, D. E. S. _9128460 _4aut _eaut |
|
| 700 | 1 |
_aBastid, Ricardo, _926367 _4own _eAntiguo_posesor _d1919-1966 |
|
| 710 | 2 | 1 |
_aMontaner y Simón, _9134693 |
| 752 |
_aEspaña - _dBarcelona |
||
| 852 |
_aES-MaACL _jG-4959 _xEncuadernación cartoné _cDEPO2 _9165909 |
||
| 852 |
_aES-MaACL _jDB-86 _xEncuadernación cartoné _cDES _gTítulo de la cubierta manuscrito. Firma de "Ricardo Bastid" y de "Luis Castro" en portada. Firma de "Castro" en página 9. _hDonativo: Milde Tomás Bastid _9207140 |
||
| 942 |
_cMONOGRAFIA _n0 |
||
| 999 |
_c159932 _d159932 |
||